| 000 | 01276nam a2200289 i 4500 | ||
|---|---|---|---|
| 003 | EG-GICUC | ||
| 005 | 20260121101542.0 | ||
| 008 | 251228s2004 ua ||||fr|||| 00| 0 ara d | ||
| 040 |
_a EG-GICUC _bara _c EG-GICUC _d EG-GICUC _erda |
||
| 041 | 0 | _aara | |
| 082 | 0 | 4 |
_221 _a345.49 _bح س . ر |
| 092 | 0 | 4 | _221 |
| 099 | _aLaw1 07 345.49 ح س . ر 2004 | ||
| 100 | 0 |
_aحسين عبد العال محمد _eمؤلف. |
|
| 245 | 1 | 0 |
_aالرقابة الادارية بين علم الادارة والقانون الادارى : _bدراسة تطبيقية مقارنة / _cحسين عبد العال محمد. |
| 264 | 1 |
_aالاسكندرية : _bدار الفكر الجامعى، _c2004. |
|
| 300 |
_a401 صفحة ؛ _c24 سم. |
||
| 336 |
_2rda content _atext |
||
| 337 |
_2rda media _aComputer |
||
| 338 |
_2rda carrier _aOnline Resource |
||
| 504 | _aيحتوي على ارجاعات ببليوجرافية يحتوي على قائمة بالمراجع | ||
| 546 | _aالنص أغلبه باللغة العربية بعض النصوص الإنجليزية والفرنسية | ||
| 650 | 1 | 4 |
_aالرقابة الإدارية _xالقانون الاداري |
| 856 | 4 | 0 | _uhttps://fll.law.cu.edu.eg/fulltext/bks/B07-01906.pdf |
| 905 | _a75 | ||
| 942 |
_2ddc _cBK _e21 _n0 |
||
| 999 |
_c52783 _d52783 |
||